Score 0/15 Timer 03:00
13 Plays Today
% Correct
If I Were a Rich Man
96.6%
The Next Ten Minutes
96.6%
A House Is Not a Home
96.4%
Footloose
96%
Happy to Keep His Dinner Warm
95.5%
Ol' Man River
95.5%
Seasons of Love
95%
I'm Gonna Wash That Man Right Outa My Hair
94.7%
% Correct
The Music of the Night
94.7%
Do You Hear the People Sing?
94.3%
Heaven on Their Minds
93.9%
On the Street Where You Live
93.9%
You Can't Stop the Beat
92.8%
And I Am Telling You I Am Not Going
86.5%
My Favorite Things
83.2%
Remove Ads.
Support Sporcle.
Get the best of Sporcle when you Go Orange. This ad-free experience offers more features, more stats, and more fun while also helping to support Sporcle. Thank you for becoming a member.

You're not logged in!

Compare scores with friends on all Sporcle quizzes.
OR
Log In

Show Comments

Extras

Top Quizzes Today


Score Distribution

Your Account Isn't Verified!

In order to create a playlist on Sporcle, you need to verify the email address you used during registration. Go to your Sporcle Settings to finish the process.

Report this User

Report this user for behavior that violates our Community Guidelines.

Details: